Digital processes : an international journal on the theory and design of digital systems.
Saved in:
| Format: | Journal |
|---|---|
| Language: | English French German |
| Published: |
[St. Saphorin, Switzerland] :
Georgi Pub. Co.
|
| Subjects: |
| LEADER | 01259nas a2200361 a 4500 | ||
|---|---|---|---|
| 001 | c000186112 | ||
| 003 | CARM | ||
| 005 | 20050919112912.0 | ||
| 008 | 770311c19759999sz qr p 0 a0eng d | ||
| 010 | |a 77647897 | ||
| 019 | 1 | |a 899737 |5 LACONCORD2021 | |
| 022 | |a 0301-4184 | ||
| 030 | |a DGPRBY | ||
| 035 | |a (OCoLC)3398825 |5 LACONCORD2021 | ||
| 040 | |a LC |b eng |c LC |d LC | ||
| 041 | 0 | |a eng |a fre |a ger | |
| 042 | |a lc | ||
| 050 | 0 | 0 | |a TK7888.3 |b .D54 |
| 082 | 0 | 4 | |a 001.6/4/05 |2 19 |
| 210 | 0 | |a Digit. process | |
| 222 | 0 | |a Digital processes | |
| 245 | 0 | 0 | |a Digital processes : |b an international journal on the theory and design of digital systems. |
| 260 | |a [St. Saphorin, Switzerland] : |b Georgi Pub. Co. | ||
| 300 | |a v. : |b ill. ; |c 23 cm. | ||
| 362 | 0 | |a Vol. 1 (spring 1975)- | |
| 546 | |a English, French, or German. | ||
| 650 | 0 | |a Electronic digital computers |c Periodicals. | |
| 650 | 0 | |a Digital electronics |c Periodicals. | |
| 852 | 8 | |b CARM |h A2:AP32D0 |i C07362 |p 0259119 |f SE | |
| 866 | 0 | |a 1(1975)-7:01(1981) | |
| 866 | 0 | |a 1(1975)-7:01(1981) | |
| 999 | f | f | |i f76fdbd6-f2aa-5d03-944e-92b5fc90c125 |s e9867f19-9618-5701-bb41-707b7c1772e5 |
| 952 | f | f | |p Can circulate |a CAVAL |b CAVAL |c CAVAL |d CARM 1 Store |e C07362 |f A2:AP32D0 |h Other scheme |i book |k 1(1975)-7:01(1981) |m 0259119 |